Welcome to WEB OPAC of MRSPTU Central Library

Eagles' workshop technology II (Record no. 7659)

MARC details
000 -LEADER
fixed length control field 00384nam a2200157Ia 4500
008 - FIXED-LENGTH DATA ELEMENTS--GENERAL INFORMATION
fixed length control field 230711s9999||||xx |||||||||||||| ||und||
041 ## - LANGUAGE CODE
Language code of text/sound track or separate title ENG
082 ## - DEWEY DECIMAL CLASSIFICATION NUMBER
Classification number 670
Item number AU-W
100 ## - MAIN ENTRY--PERSONAL NAME
Personal name Aulakh,GS
245 #0 - TITLE STATEMENT
Title Eagles' workshop technology II
250 ## - EDITION STATEMENT
Edition statement 1st Ed.
260 ## - PUBLICATION, DISTRIBUTION, ETC.
Date of publication, distribution, etc. 2012
Place of publication, distribution, etc. Jalandhar
Name of publisher, distributor, etc. Eagles Prakashan Regd
300 ## - PHYSICAL DESCRIPTION
Extent 280p.
650 ## - SUBJECT ADDED ENTRY--TOPICAL TERM
Topical term or geographic name entry element Mechanical Engineering
942 ## - ADDED ENTRY ELEMENTS (KOHA)
Koha item type Book
Holdings
Withdrawn status Lost status Damaged status Not for loan Collection Home library Current library Date acquired Cost, normal purchase price Total checkouts Full call number Barcode Date last seen Price effective from Koha item type
          MRSPTU Central Library MRSPTU Central Library   168.00   670 AU-W PW91 08/17/2023 08/17/2023 Book
          MRSPTU Central Library MRSPTU Central Library   168.00   670 AU-W PW92 08/17/2023 08/17/2023 Book
          MRSPTU Central Library MRSPTU Central Library   168.00   670 AU-W PW93 08/17/2023 08/17/2023 Book
          MRSPTU Central Library MRSPTU Central Library   168.00   670 AU-W PW94 08/17/2023 08/17/2023 Book
          MRSPTU Central Library MRSPTU Central Library   168.00   670 AU-W PW95 08/17/2023 08/17/2023 Book
          MRSPTU Central Library MRSPTU Central Library   168.00   670 AU-W PW96 08/17/2023 08/17/2023 Book
          MRSPTU Central Library MRSPTU Central Library   168.00   670 AU-W PW97 08/17/2023 08/17/2023 Book
          MRSPTU Central Library MRSPTU Central Library   168.00   670 AU-W PW98 08/17/2023 08/17/2023 Book
          MRSPTU Central Library MRSPTU Central Library   168.00   670 AU-W PW99 08/17/2023 08/17/2023 Book
          MRSPTU Central Library MRSPTU Central Library   168.00   670 AU-W PW100 08/17/2023 08/17/2023 Book
          MRSPTU Central Library MRSPTU Central Library   168.00   670 AU-W PW101 08/17/2023 08/17/2023 Book
          MRSPTU Central Library MRSPTU Central Library   168.00   670 AU-W PW102 08/17/2023 08/17/2023 Book
          MRSPTU Central Library MRSPTU Central Library   168.00   670 AU-W PW103 08/17/2023 08/17/2023 Book
          MRSPTU Central Library MRSPTU Central Library   168.00   670 AU-W PW104 08/17/2023 08/17/2023 Book
          MRSPTU Central Library MRSPTU Central Library   168.00   670 AU-W PW105 08/17/2023 08/17/2023 Book
          MRSPTU Central Library MRSPTU Central Library   168.00   670 AU-W PW106 08/17/2023 08/17/2023 Book
          MRSPTU Central Library MRSPTU Central Library   168.00   670 AU-W PW107 08/17/2023 08/17/2023 Book
          MRSPTU Central Library MRSPTU Central Library   168.00   670 AU-W PW108 08/17/2023 08/17/2023 Book
          MRSPTU Central Library MRSPTU Central Library   168.00   670 AU-W PW109 08/17/2023 08/17/2023 Book
          MRSPTU Central Library MRSPTU Central Library   168.00   670 AU-W PW110 08/17/2023 08/17/2023 Book

Website Designed and Developed by MRSPTU Central Library Team

E-mail Id: librarian@mrsptu.ac.in